000 00755cam a22002531 4500
001 af 47001389
003 DLC
005 20260227110808.0
008 870423s1945 ne 000 0 dut
010 _aaf 47001389
035 _a(OCoLC)23390639
040 _aDLC
_cMiU
_dDLC
042 _apremarc
050 0 0 _aD811.5
_b.D58
082 _a940.53492
100 1 _aDockx, Jan.
245 1 0 _aHonger, strijd en lijden onzer noorderburen
_c[door] Jan Dockx.
260 _a[Antwerpen,
_bUitgeverij "De Palm,"
_c1945.
300 _a48 p.
_c21 cm.
500 _aCaption title.
650 0 _aWorld War, 1939-1945
_xPersonal narratives, Belgian.
651 0 _aNetherlands
_xHistory
_yGerman occupation, 1940-1945
651 0 _aHaarlem (Netherlands)
_xHistory.
999 _c1238
_d1238